| 000 | 00539nam a2200193 i 4500 | ||
|---|---|---|---|
| 001 | 70579 | ||
| 003 | ES-MaACL | ||
| 005 | 20230906170847.0 | ||
| 007 | t| | ||
| 008 | 040728s1961 sp ||||1| spa d | ||
| 100 | 1 |
_aGarcía Yagüe, Juan. _955450 |
|
| 245 | 1 | 0 |
_aFamilia y personalidad / _cJuan García Yagüe. |
| 260 |
_aMadrid : _b[s.n., _c1961] ( _fAragón) |
||
| 300 |
_a217 p. ; _c21 cm. |
||
| 490 | 1 | _aHombre y ambiente | |
| 830 | 0 |
_aHombre y ambiente _9183309 |
|
| 852 |
_aES-MaACL _jC-22037 _bR.50097 |
||
| 999 |
_c70579 _d70579 |
||